000 00615nam a2200217 a 4500
005 20210223132351.0
008 140526s2006 es r 000 0 spa d
020 _a8424621905
035 _aUPN01000197527
049 _aI
050 4 _aTX385
_bG5.6
100 1 _aGilbert Martínez, Trinitat
_938003
245 1 0 _aPescado /
_cTrinitat Gilbert ; il. Mariona Cabassa.
260 _aBarcelona :
_bLa Galera,
_c2006.
300 _a43 p. :
_bil. col.
440 0 _aHoy toca
650 4 _aPESCADO COMO ALIMENTO
_924333
650 4 _aPECES -
_vLITERATURA INFANTIL
_923472
905 _aInfantil
999 _c169628
_d169628